Most Populous Island by Country - Statistics

General Stats
  • This quiz has been taken 27 times
  • The average score is 15 of 20
Answer Stats
Country Population Answer % Correct
Indonesia 149 mil Java
100%
New Zealand 3.93 mil North Island
100%
Italy 5.02 mil Sicily
100%
Greece 623k Crete
96%
United Kingdom 66.4 mil Great Britain
96%
Philippines 64.3 mil Luzon
96%
Japan 104 mil Honshū
93%
Tanzania 897k Unguja/Zanzibar
93%
Denmark 2.29 mil Zealand
89%
China 10.1 mil Hainan
81%
Canada 2.01 mil Island of Montreal
81%
United States 8.06 mil Long Island
81%
Spain 907k Tenerife (Canary Islands)
67%
South Korea 622k Jeju
63%
France 838k Réunion
52%
India 23.7 mil Salsette
52%
Fiji 662k Viti Levu
52%
Malaysia 860k Penang
33%
Bangladesh 1.76 mil Bhola
15%
Brazil 1.38 mil São Luís
15%
No matching quizzes found
Score Distribution
Percent of People with Each Score
Percentile by Number Answered
Your Score History
You have not taken this quiz